Barónka (ne)aristokratka
Ministerka zahraničných vecí Európskej únie od 1.12.2009 - Angličanka Catherine Ashton. Jej osobné predpoklady, výstup na vrchol, ľavicová minulosť.
Uložené v:
| Hlavný autor: | |
|---|---|
| Médium: | Kapitola |
| Jazyk: | Slovak |
| Predmet: | |
| Tagy: |
Žiadne tagy, Buďte prvý, kto otaguje tento záznam!
|
MARC
| LEADER | 00000naa$a2200000$$$4500 | ||
|---|---|---|---|
| 001 | 0109469 | ||
| 005 | 20231009103059.0 | ||
| 041 | 0 | |a slo | |
| 044 | |a SK | ||
| 245 | 1 | 0 | |a Barónka (ne)aristokratka |c Adrian Peter Pressburg |
| 520 | |a Ministerka zahraničných vecí Európskej únie od 1.12.2009 - Angličanka Catherine Ashton. Jej osobné predpoklady, výstup na vrchol, ľavicová minulosť. | ||
| 610 | 2 | 0 | |a Európska únia |
| 610 | 2 | 0 | |a ministerstvá |
| 610 | 2 | 0 | |a diplomacia |
| 610 | 2 | 0 | |a ženy |
| 100 | 1 | |a Pressburg, Adrian Peter | |